| 000 | 00737nam a2200253 a 4500 | ||
|---|---|---|---|
| 001 | 74941 | ||
| 003 | BD-RjUL | ||
| 005 | 20211209082626.0 | ||
| 008 | 181223s1965 ii 000 0 eng | ||
| 035 | _a(BD-RjUL) | ||
| 035 | _a(OCoLC)1158856 | ||
| 040 |
_aDLC _cOOxM _dDLC _beng |
||
| 041 | _aeng | ||
| 042 | _apremarc | ||
| 082 |
_a631.45 _bFOA 1965 |
||
| 100 | 1 |
_aFoster, Albert B. _q(Albert Beryl), _d1906- _9226353 |
|
| 245 | 1 | 0 |
_aApproved practices in soil conservation / _cAlbert B. Foster |
| 250 | _aIndian 3rd ed. | ||
| 260 |
_aCalcutta: _bOxford & IBH Publishing co., _c1965 |
||
| 300 |
_axviii, 384 p. _billus., maps, diagrs. _c22 cm. |
||
| 650 | 0 |
_aSoil conservation. _9226354 |
|
| 942 |
_2ddc _cBK |
||
| 999 |
_c74941 _d74941 |
||